000 00492pab a2200169 454500
008 180718b1998 xxu||||| |||| 00| 0 eng d
100 _aMohanty, Manoranjan
245 _aThe city and the citizen: people's participation and structure of urban governance in India and China
260 _c1998
300 _ap.26-38
362 _aApr-Jun
650 _aLocal government - China
650 _aLocal government - India
650 _aLocal government
773 _aNagarlok
909 _a38323
999 _c38323
_d38323